Statistics for Single Party U.S States

Click here to take the quiz!

General Stats

  • This quiz has been taken 46 times
  • The average score is 3 of 5

Answer Stats

CandidateState% Correct
DemocraticHawaii
81%
DemocraticRhode Island
65%
DemocraticMassachusetts
60%
RepublicanWest Virginia
40%
RepublicanOklahoma
37%

Score Distribution

Percentile by Number Answered

Percent of People with Each Score

Your Score History

You have not taken this quiz